Statistics for Cities by tallest buildings

Click here to take the quiz!

General Stats

  • This quiz has been taken 27 times
  • The average score is 39 of 50

Answer Stats

HintAnswer% Correct
Burj KhalifaDubai1
100%
Petronas Tower 1Kuala Lumpur18
100%
The Address The BLVDDubai49
100%
Elite Residence Dubai45
100%
Empire State BuildingNew York City44
100%
23 MarinaDubai35
100%
30 Hudson YardsNew York City34
100%
Princess TowerDubai31
100%
Jin Mao TowerShanghai29
100%
Marina 101 TowerDubai27
100%
Shanghai TowersShanghai2
100%
The Exchange 106Kuala Lumpur21
100%
Petronas Tower 2Kuala Lumpur19
100%
432 Park AvenueNew York City26
100%
Shanghai World Financial CenterShanghai12
100%
One World Trade CenterNew York City7
100%
Zhongguo ZunBeijing10
96%
Guangzhou International Finance CenterGuangzhou25
96%
CITIC PlazaGuangzhou37
96%
Lotte World TowerSeoul6
96%
CTF Finance CenterGuangzhou8
96%
Taipei 101Taipei11
96%
Two International Finance CentreHong Kong30
92%
Bank of China TowerHong Kong50
92%
Central PlazaHong Kong46
92%
International Commerce CentreHong Kong13
92%
Wuhan CenterWuhan24
88%
VostokMoscow47
88%
Trump Internation Hotel & TowerChicago28
85%
Willis TowerChicago22
85%
CTF Tianjin TowerTianjin9
81%
Goldin Finance 117Tianjin5
81%
Burj Mohammed Bin RashidAbu Dhabi43
81%
Suzhou SupertowerSuzhou17
73%
The Capital Market Authority TowerRiyadh41
65%
Al Hamra TowerKuwait City32
58%
Makkah Clock Royal TowersMakkah3
54%
Eton Place Dalian 1Dalian38
50%
Nanning Resources Center TowerNanning33
46%
Logan Century CenterNanning40
46%
Shum Yip Upperhills Tower 1Shenzhen39
42%
Shun Hing SquareShenzhen42
42%
China Resources Headquarters Main TowerShenzhen36
42%
Ping An Finance CenterShenzhen4
42%
KK100Shenzhen23
42%
Zifeng TowerNanjing20
42%
Golden Eagle Tiandi Tower ANanjing48
42%
Vincom Landmark 81Ho Chi Minh City15
31%
The Whard IFS Tower 1Changsha16
15%
Lakhta CenterSt. Petersburg14
15%

Score Distribution

Percentile by Number Answered

Percent of People with Each Score

Your Score History

You have not taken this quiz